000 00450nam a22001817a 4500
003 MPLRDC
005 20220104143015.0
008 210129b ||||| |||| 00| 0 eng d
020 _a978-983-43658-0-6
082 _a490.99 LHC
100 _a刘华才
245 _a蓝海策略
_c
250 _a第一版
260 _a马来西亚
_bSQC MANAGEMENT SDN BHD
_c2007
300 _b240
650 _a马来西亚企业家
942 _cBK
_o490.99 LHC
999 _c35720
_d35710